| 000 | 01261cam a22003857a 4500 | ||
|---|---|---|---|
| 003 | CHAP | ||
| 005 | 20220329142950.0 | ||
| 008 | 050429d1999 us a r 00110 eng d | ||
| 010 | _a90229 | ||
| 011 | _a91201 | ||
| 020 | _a0849325684 | ||
| 035 | _a101759 | ||
| 040 | _cCHAP | ||
| 082 | 0 | 4 |
_a636.2 _bA52 |
| 100 | 0 | 0 |
_aAllen, Matthew J. _94398 |
| 245 | 1 | 4 |
_aThe laboratory small ruminant _c/by Matthew J. Allen and Gary L. Borkowski |
| 260 |
_aBoca Raton : _bCRC Press, _c1999. |
||
| 300 |
_a161 p. : _bilus. |
||
| 490 | 4 | _aThe laboratory animal pocket reference series | |
| 590 |
_aBATCH-UPD _b10 _c20130110 _lUCH01 _h0637 |
||
| 590 |
_aBATCH-UPD _b10 _c20130110 _lUCH01 _h2340 |
||
| 590 |
_aBATCH-UPD _b10 _c20130410 _lUCH01 _h0321 |
||
| 590 |
_aBATCH-UPD _b10 _c20130914 _lUCH01 _h0234 |
||
| 590 |
_aCONVERSION _b10 _c20130109 _lUCH01 _h1350 |
||
| 650 | 1 | 4 |
_aGanado cabrĂo. _944988 |
| 650 | 1 | 4 |
_aGanado lanar. _945150 |
| 650 | 1 | 4 |
_aRumiantes. _9100840 |
| 700 | 0 |
_aBorkowski, Gary L. _913897 |
|
| 830 | 0 | 4 |
_aThe laboratory animal pocket reference series _9112675 |
| 901 | _aBK | ||
| 905 | _aAlejandra Carrasco M. | ||
| 911 | _aproceso | ||
| 942 | _cLIBRO | ||
| 949 |
_a636.2 A52 _bBC _cLIBRO _d33724000799003 _eLIBRO _h105357 _i101759 _kI.00224500 _st _t$ 647.00 |
||
| 999 |
_c90229 _d90229 |
||